MARC

LEADER 00000nam0a2200000 4500
001 346194
005 20231102005847.0
035 |a (RuTPU)RU\TPU\book\378074 
035 |a RU\TPU\book\337368 
090 |a 346194 
100 |a 20210712d1981 k y0rusy5003 ca 
101 0 |a rus 
102 |a RU 
105 |a a z 001zy 
200 1 |a Землетрясения в СССР в 1977 году  |e сборник статей  |f Академия наук СССР (АН СССР), Институт физики Земли им. О. Ю. Шмидта (ИФЗ) 
210 |a Москва  |c Наука  |d 1981 
215 |a 247 с.  |c ил.  |e 1 л. карты 
320 |a Библиография в конце статей 
606 1 |a Сейсмология  |2 stltpush  |3 (RuTPU)RU\TPU\subj\54391  |9 72548 
610 1 |a землетрясения 
610 1 |a СССР 
610 1 |a сейсмоактивные районы 
610 1 |a очаги 
610 1 |a динамические параметры 
610 1 |a сейсмичность 
610 1 |a сильные землетрясения 
610 1 |a основной каталог 
610 1 |a региональные каталоги 
610 1 |a страны мира 
610 1 |a ежегодники 
675 |a 550.34  |v 4 
712 0 2 |a Академия наук СССР (АН СССР)  |b Институт физики Земли им. О. Ю. Шмидта (ИФЗ)  |c (Москва)  |c (1956-1991)  |2 stltpush  |3 (RuTPU)RU\TPU\col\209 
801 0 |a RU  |b RuMRKP  |c 19950704  |g psbo 
801 1 |a RU  |b 63413507  |c 20151215 
801 2 |a RU  |b 63413507  |c 20210906  |g RCR 
942 |c BK